Click the Cartoon Ghost Quiz Stats

 Plays Quiz Updated Oct 8, 2019

Score 0/15 Timer 05:00
16 Plays Today
% Correct
Casper
94.3%
Beetlejuice
90.7%
Mufasa
90.6%
Slimer
89.6%
Bogel & Weerd
89.1%
Danny Phantom
85.2%
Ghost Rider
82.5%
Hi-Five
81.5%
% Correct
Qui-Gon
78.8%
Gengar
76.5%
Deadman
71.7%
Jacob Marley
69%
Marquess
64.1%
Flying Dutchman
63.4%
Funky Phantom
52.3%

You're not logged in!

Compare scores with friends on all Sporcle quizzes.
OR
Log In

Sporcle TV

Today on Sporcle TV


Watch our educational content, quiz creation guides, and fun videos on Sporcle TV.

Show Comments

Extras

Top Quizzes Today


Score Distribution

Your Account Isn't Verified!

In order to create a playlist on Sporcle, you need to verify the email address you used during registration. Go to your Sporcle Settings to finish the process.

Report this User

Report this user for behavior that violates our Community Guidelines.

Details: